[Event "Rome Accademia Primavera op"]
[Site "Rome"]
[Date "2011.04.01"]
[Round "2"]
[White "Milani, Patrizia"]
[Black "Maurizio, Antonio"]
[Result "0-1"]
[WhiteElo "1464"]
[BlackElo "1921"]
[PlyCount "58"]
[EventDate "2011.04.01"]
[EventType "swiss"]
[EventRounds "5"]
[EventCountry "ITA"]
[SourceTitle "EXT 2023"]
[Source "ChessBase"]
[SourceDate "2022.10.05"]
[SourceVersion "1"]
[SourceVersionDate "2022.10.05"]
[SourceQuality "1"]

1. d4 e6 2. Nf3 d5 3. c4 Nf6 4. e3 c5 5. Nc3 Nc6 6. Be2 cxd4 7. Nxd4 Be7 8. 0-0 0-0 9. cxd5 exd5 10. Nf3 Bf5 11. a3 Rc8 12. Bd3 Ne4 13. Bxe4 Bxe4 14. Nd4 Ne5 15. f4 Nd3 16. Qg4 Bc5 17. f5 Bxd4 18. exd4 Qf6 19. Bg5 Qxd4+ 20. Kh1 f6 21. Bh4 Ne5 22. Qf4 Rc4 23. Nxe4 Qxe4 24. Qxe4 Rxe4 25. Be1 Rc8 26. Rd1 d4 27. b4 Rc2 28. a4 d3 29. Bd2 Re2 0-1

[Event "Rome Accademia Inverno op"]
[Site "Rome"]
[Date "2011.02.12"]
[Round "3"]
[White "Milani, Patrizia"]
[Black "Pitrelli, Antonio"]
[Result "0-1"]
[WhiteElo "1425"]
[BlackElo "1937"]
[PlyCount "72"]
[EventDate "2011.02.11"]
[EventType "swiss"]
[EventRounds "5"]
[EventCountry "ITA"]
[SourceTitle "EXT 2023"]
[Source "ChessBase"]
[SourceDate "2022.10.05"]
[SourceVersion "1"]
[SourceVersionDate "2022.10.05"]
[SourceQuality "1"]

1. e4 e6 2. d4 d5 3. e5 c5 4. c3 Nc6 5. Nf3 Bd7 6. Be2 Nge7 7. Bg5 cxd4 8. cxd4 Qb6 9. b3 Nf5 10. Be3 Bb4+ 11. Kf1 0-0 12. a3 Be7 13. b4 f6 14. Qd2 fxe5 15. dxe5 Nxe3+ 16. Qxe3 Qxe3 17. fxe3 Nxe5 18. Ke1 Bf6 19. Nxe5 Bxe5 20. Ra2 Rac8 21. Kd2 Rf2 22. Re1 Rxg2 23. Rc2 Rxc2+ 24. Kxc2 Bb5 25. Kd1 Bxe2+ 26. Rxe2 Rxe2 27. Kxe2 Bxh2 28. Nc3 Be5 29. Nd1 h5 30. Kf3 g5 31. Nf2 b5 32. Nd3 Bc3 33. Nc5 Kf7 34. Na6 g4+ 35. Kf4 Kf6 36. Nc5 Be5# 0-1

[Event "Rome Accademia Inverno op"]
[Site "Rome"]
[Date "2011.02.11"]
[Round "2"]
[White "Lami, Damiano"]
[Black "Milani, Patrizia"]
[Result "0-1"]
[WhiteElo "1670"]
[BlackElo "1425"]
[PlyCount "70"]
[EventDate "2011.02.11"]
[EventType "swiss"]
[EventRounds "5"]
[EventCountry "ITA"]
[SourceTitle "EXT 2023"]
[Source "ChessBase"]
[SourceDate "2022.10.05"]
[SourceVersion "1"]
[SourceVersionDate "2022.10.05"]
[SourceQuality "1"]

1. e4 e5 2. Nf3 Nc6 3. Bb5 d6 4. d4 exd4 5. Nxd4 Bd7 6. Nxc6 bxc6 7. Bc4 Be6 8. Bb3 Qd7 9. Nc3 Ne7 10. Be3 Ng6 11. Qe2 Be7 12. Qa6 Bxb3 13. axb3 c5 14. Nd5 0-0 15. Qb7 Bf6 16. Qxc7 Qxc7 17. Nxc7 Rac8 18. Rxa7 Bxb2 19. 0-0 Rfd8 20. Rd1 Be5 21. g3 Bf6 22. Nd5 Kf8 23. Nxf6 gxf6 24. Re1 Ne5 25. Bd2 Nf3+ 26. Kg2 Nxd2 27. f3 d5 28. e5 fxe5 29. Rd1 Nxb3 30. cxb3 Kg7 31. Re1 Re8 32. Rd7 e4 33. Rc1 Rb8 34. Rxc5 Rxb3 35. Rcxd5 exf3+ 0-1

[Event "Rome d'Inverno op"]
[Site "Rome"]
[Date "2009.02.06"]
[Round "1"]
[White "Milani, Patrizia"]
[Black "Maddaloni, Giovanni"]
[Result "0-1"]
[WhiteElo "1458"]
[BlackElo "1843"]
[PlyCount "90"]
[EventDate "2009.02.06"]
[EventType "swiss"]
[EventRounds "5"]
[EventCountry "ITA"]
[SourceTitle "EXT 2011"]
[Source "ChessBase"]
[SourceDate "2010.11.26"]
[SourceVersion "1"]
[SourceVersionDate "2010.11.26"]
[SourceQuality "1"]

1. e4 Nf6 2. Nc3 d6 3. d4 g6 4. Be3 Bg7 5. h3 a6 6. Nf3 0-0 7. Qd2 b5 8. a3 Bb7 9. d5 c5 10. b4 cxb4 11. axb4 Nxe4 12. Nxe4 Bxa1 13. Bh6 Bg7 14. Bxg7 Kxg7 15. Qd4+ Kg8 16. Bd3 Nd7 17. Neg5 Qb6 18. Qh4 Nf6 19. Be4 a5 20. 0-0 axb4 21. Rd1 Ra2 22. Nd4 Rfa8 23. Kh2 Ra1 24. Rd2 b3 25. Nxb3 Re1 26. Bf3 Rc8 27. Nd4 Rc4 28. Qf4 Ra4 29. g4 Bc8 30. h4 Kg7 31. h5 gxh5 32. gxh5 h6 33. Nh3 Raa1 34. Nf5+ Bxf5 35. Qxf5 Qc5 36. Qf4 Qc4 37. Qg3+ Kf8 38. Nf4 Qb4 39. Rd3 Qb1 40. Qg2 Qxc2 41. Be2 b4 42. Ne6+ fxe6 43. dxe6 Rh1+ 44. Kg3 Rhg1 45. Qxg1 Rxg1+ 0-1